Central Library OPAC University of Rajshahi

Indias̕ case for swaraj / (Record no. 65507)

MARC details
000 -LEADER
fixed length control field 01058nam a2200253 a 4500
001 - CONTROL NUMBER
control field 65507
003 - CONTROL NUMBER IDENTIFIER
rucl marc code BD-RjUL
005 - DATE AND TIME OF LATEST TRANSACTION
control field 20211209081432.0
008 - FIXED-LENGTH DATA ELEMENTS--GENERAL INFORMATION
fixed length control field 170307s1963 ii cfh 000 0aeng d
035 ## - SYSTEM CONTROL NUMBER
System control number (BD-RjUL)65637
040 ## - CATALOGING SOURCE
Original cataloging agency BD-RjUL
Transcribing agency BD-RjUL
Modifying agency BD-RjUL
Language of cataloging eng
041 ## - LANGUAGE CODE
Language code of text/sound track or separate title eng
082 ## - DEWEY DECIMAL CLASSIFICATION NUMBER
Edition number 23
Classification number 954.035092
Author mark and year GAI 1963
100 1# - MAIN ENTRY--PERSONAL NAME
Personal name Gandhi,
Dates associated with a name 1869-1948.
9 (RLIN) 190323
245 10 - TITLE STATEMENT
Title Indias̕ case for swaraj /
Statement of responsibility, etc. by Mahatma Gandhi. Being select speeches, writings, interviews, etcetera of Mahatma Gandhi in England 1931.Foreword by Mrs. Kamaladevi Chattopadhyaya and introduction by Syed Abdullah Brelvi.
260 ## - PUBLICATION, DISTRIBUTION, ETC. (IMPRINT)
Place of publication, distribution, etc. Bombay :
Name of publisher, distributor, etc. The mohan printing press,
Date of publication, distribution, etc. 1963 ?
300 ## - PHYSICAL DESCRIPTION
Pagination xii, 412 p. :
Illustrations ill. ;
Size 19 cm.
600 00 - SUBJECT ADDED ENTRY--PERSONAL NAME
Personal name Gandhi,
Titles and other words associated with a name Mahatma,
Dates associated with a name 1869-1948.
651 #0 - SUBJECT ADDED ENTRY--GEOGRAPHIC NAME
Geographic name India
General subdivision Politics and government
Chronological subdivision 1919-1947.
9 (RLIN) 172110
700 1# - ADDED ENTRY--PERSONAL NAME
Personal name Willingdon, Freeman Freeman-Thomas,
Dates associated with a name 1866-
Personal name Desai, Mahadev H.
Fuller form of name (Mahadev Haribhai),
Dates associated with a name 1892-1942.
Personal name Kabadi, Waman P.
Relator term ed.
942 ## - ADDED ENTRY ELEMENTS (KOHA)
Source of classification or shelving scheme Dewey Decimal Classification
Koha item type Books
Holdings
Lost status Source of classification or shelving scheme Damaged status Not for loan Collection code Permanent Location Current Location Shelving location Date acquired Source of acquisition Cost, normal purchase price Total Checkouts Full call number Date last seen Copy number Koha item type
  Dewey Decimal Classification   Not For Loan Non-fiction Central Library, University of Rajshahi Central Library, University of Rajshahi Reading Room 19/10/1969 Pakistan law House 7.00   954.035092 GAI 1963 07/03/2017 C-1 Books